| 000 | 01092cam a2200265 a 4500 | ||
|---|---|---|---|
| 001 | vtls002583060 | ||
| 003 | MY-SjTCS | ||
| 005 | 20200306154241.0 | ||
| 008 | 110218s1995 my 000 0 eng | ||
| 020 | _a967978522X | ||
| 039 | 9 |
_a201204091459 _bstazrina _c201204091457 _dstazrina _c201102181631 _dVLOAD _y200407271945 _zVLOAD |
|
| 043 | _aa-my--- | ||
| 082 | 0 | 4 |
_a915.9521 _bSCI |
| 099 |
_aMALAYSIANA _e915.9521 |
||
| 245 | 0 | 2 |
_aA scientific journey through Borneo : _bSayap-Kinabalu Park Sabah / _cedited by Ghazally Ismail, Laily bin Din. |
| 260 |
_aPetaling Jaya : _bPelanduk Publications, _cc1995. |
||
| 300 |
_axii, 241 p. ; _c23 cm. |
||
| 650 | 0 |
_aBotany _zMalaysia _zMount Kinabalu National Park (Sabah) _9209102 |
|
| 650 | 0 |
_aNature Conservation _zMalaysia _zMount Kinabalu National Park (Sabah) _9209103 |
|
| 650 | 0 |
_aZoology _zMalaysia _zMount Kinabalu National Park (Sabah) _9209104 |
|
| 700 | 0 |
_aGhazally Ismail _e(ed.) _912691 |
|
| 700 | 0 |
_aLaily bin Din. _e(ed.) _9209105 |
|
| 710 | 2 |
_aUniversiti Malaysia Sarawak. Fakulti Sains Teknologi Sumber. _9209106 |
|
| 920 | _aSHT : 622390 | ||
| 999 | _c26619 | ||